|
|
|
|
| LEADER |
03851nam a2200589 4500 |
| 001 |
978-3-540-44980-5 |
| 003 |
DE-He213 |
| 005 |
20191024111935.0 |
| 007 |
cr nn 008mamaa |
| 008 |
121227s2000 gw | s |||| 0|eng d |
| 020 |
|
|
|a 9783540449805
|9 978-3-540-44980-5
|
| 024 |
7 |
|
|a 10.1007/10721975
|2 doi
|
| 040 |
|
|
|d GrThAP
|
| 050 |
|
4 |
|a QA76.758
|
| 072 |
|
7 |
|a UMZ
|2 bicssc
|
| 072 |
|
7 |
|a COM051230
|2 bisacsh
|
| 072 |
|
7 |
|a UMZ
|2 thema
|
| 072 |
|
7 |
|a UL
|2 thema
|
| 082 |
0 |
4 |
|a 005.1
|2 23
|
| 245 |
1 |
0 |
|a Rewriting Techniques and Applications
|h [electronic resource] :
|b 11th International Conference, RTA 2000, Norwich, UK, July 10-12, 2000 Proceedings /
|c edited by Leo Bachmair.
|
| 250 |
|
|
|a 1st ed. 2000.
|
| 264 |
|
1 |
|a Berlin, Heidelberg :
|b Springer Berlin Heidelberg :
|b Imprint: Springer,
|c 2000.
|
| 300 |
|
|
|a X, 282 p.
|b online resource.
|
| 336 |
|
|
|a text
|b txt
|2 rdacontent
|
| 337 |
|
|
|a computer
|b c
|2 rdamedia
|
| 338 |
|
|
|a online resource
|b cr
|2 rdacarrier
|
| 347 |
|
|
|a text file
|b PDF
|2 rda
|
| 490 |
1 |
|
|a Lecture Notes in Computer Science,
|x 0302-9743 ;
|v 1833
|
| 505 |
0 |
|
|a Invited Talk -- Rewriting Logic and Maude: Concepts and Applications -- Invited Tutorial -- Tree Automata and Term Rewrite Systems -- Regular Papers -- Absolute Explicit Unification -- Termination and Confluence of Higher-Order Rewrite Systems -- A de Bruijn Notation for Higher-Order Rewriting -- Rewriting Techniques in Theoretical Physics -- Normal Forms and Reduction for Theories of Binary Relations -- Parallelism Constraints -- Linear Higher-Order Matching Is NP-Complete -- Standardization and Confluence for a Lambda Calculus with Generalized Applications -- Linear Second-Order Unification and Context Unification with Tree-Regular Constraints -- Word Problems and Confluence Problems for Restricted Semi-Thue Systems -- The Explicit Representability of Implicit Generalizations -- On the Word Problem for Combinators -- An Algebra of Resolution -- Deriving Theory Superposition Calculi from Convergent Term Rewriting Systems -- Right-Linear Finite Path Overlapping Term Rewriting Systems Effectively Preserve Recognizability -- System Descriptions -- System Description: The Dependency Pair Method -- REM (Reduce Elan Machine): Core of the New ELAN Compiler -- TALP: A Tool for the Termination Analysis of Logic Programs.
|
| 650 |
|
0 |
|a Software engineering.
|
| 650 |
|
0 |
|a Mathematical logic.
|
| 650 |
|
0 |
|a Computer logic.
|
| 650 |
|
0 |
|a Programming languages (Electronic computers).
|
| 650 |
|
0 |
|a Artificial intelligence.
|
| 650 |
|
0 |
|a Computer science-Mathematics.
|
| 650 |
1 |
4 |
|a Software Engineering/Programming and Operating Systems.
|0 http://scigraph.springernature.com/things/product-market-codes/I14002
|
| 650 |
2 |
4 |
|a Mathematical Logic and Formal Languages.
|0 http://scigraph.springernature.com/things/product-market-codes/I16048
|
| 650 |
2 |
4 |
|a Logics and Meanings of Programs.
|0 http://scigraph.springernature.com/things/product-market-codes/I1603X
|
| 650 |
2 |
4 |
|a Programming Languages, Compilers, Interpreters.
|0 http://scigraph.springernature.com/things/product-market-codes/I14037
|
| 650 |
2 |
4 |
|a Artificial Intelligence.
|0 http://scigraph.springernature.com/things/product-market-codes/I21000
|
| 650 |
2 |
4 |
|a Symbolic and Algebraic Manipulation.
|0 http://scigraph.springernature.com/things/product-market-codes/I17052
|
| 700 |
1 |
|
|a Bachmair, Leo.
|e editor.
|4 edt
|4 http://id.loc.gov/vocabulary/relators/edt
|
| 710 |
2 |
|
|a SpringerLink (Online service)
|
| 773 |
0 |
|
|t Springer eBooks
|
| 776 |
0 |
8 |
|i Printed edition:
|z 9783662210703
|
| 776 |
0 |
8 |
|i Printed edition:
|z 9783540677789
|
| 830 |
|
0 |
|a Lecture Notes in Computer Science,
|x 0302-9743 ;
|v 1833
|
| 856 |
4 |
0 |
|u https://doi.org/10.1007/10721975
|z Full Text via HEAL-Link
|
| 912 |
|
|
|a ZDB-2-SCS
|
| 912 |
|
|
|a ZDB-2-LNC
|
| 912 |
|
|
|a ZDB-2-BAE
|
| 950 |
|
|
|a Computer Science (Springer-11645)
|